Propagation of phonons in nanocrystalline ZrO2: Y 2O3 ceramics; Journal of Experimental and Theoretical Physics; Vol. 102, № 1

Bibliografiske detaljer
Parent link:Journal of Experimental and Theoretical Physics.— , 2006
Vol. 102, № 1.— 2006.— P. 114-121
Andre forfattere: Barabanenkov Yu. N., Ivanov V. V., Ivanov S. N., Salamatov E. I., Taranov A. V., Khazanov E. N., Khasanov O. L. Oleg Leonidovich
Summary:Phonon transfer in yttrium-oxide (Y2O3) stabilized ZrO2 ceramics is studied experimentally in the range of helium temperatures (1.7-3.8 K). A model of the structure of the intergranular layer in the ceramic is considered, which explains the temperature dependence of the phonon diffusion coefficient, makes it possible to determine the intergranular layer parameters (density, velocity of sound, and thickness), and gives an idea about its structure. Scattering of injected phonons from resonance vibrations of nanoceramic grains is discussed
В фонде НТБ ТПУ отсутствует
Sprog:engelsk
Udgivet: 2006
Fag:
Format: Book Chapter
KOHA link:https://koha.lib.tpu.ru/cgi-bin/koha/opac-detail.pl?biblionumber=597046

MARC

LEADER 00000naa0a2200000 4500
001 597046
005 20251209095229.0
035 |a (RuTPU)RU\TPU\tpu\20142 
090 |a 597046 
100 |a 20111010d2006 k||y0rusy50 ba 
101 0 |a eng 
102 |a RU 
200 1 |a Propagation of phonons in nanocrystalline ZrO2: Y 2O3 ceramics  |f Yu. N. Barabanenkov [et al.] 
320 |a References: p. 119-120 (20 tit.) 
330 |a Phonon transfer in yttrium-oxide (Y2O3) stabilized ZrO2 ceramics is studied experimentally in the range of helium temperatures (1.7-3.8 K). A model of the structure of the intergranular layer in the ceramic is considered, which explains the temperature dependence of the phonon diffusion coefficient, makes it possible to determine the intergranular layer parameters (density, velocity of sound, and thickness), and gives an idea about its structure. Scattering of injected phonons from resonance vibrations of nanoceramic grains is discussed 
333 |a В фонде НТБ ТПУ отсутствует 
461 |t Journal of Experimental and Theoretical Physics  |d 2006 
463 |t Vol. 102, № 1  |v P. 114-121  |d 2006 
610 1 |a труды учёных ТПУ 
701 1 |a Barabanenkov  |b Yu. N. 
701 1 |a Ivanov  |b V. V. 
701 1 |a Ivanov  |b S. N. 
701 1 |a Salamatov  |b E. I. 
701 1 |a Taranov  |b A. V. 
701 1 |a Khazanov  |b E. N. 
701 1 |a Khasanov  |b O. L.  |c Russian physicist, materials scientist, Doctor of Engineering  |c professor, Director of TPU Nano-Centre and Head of the Department "Nanomaterials and Nanotechnologies" of TPU  |f 1958-  |g Oleg Leonidovich  |3 (RuTPU)RU\TPU\pers\27102  |4 070  |9 12652 
801 1 |a RU  |b 63413507  |c 20111010 
801 2 |a RU  |b 63413507  |c 20111011  |g RCR 
942 |c CR